Ir en español - Statistics

General Stats
  • This quiz has been taken 17 times
  • The average score is 7 of 9
Answer Stats
English Español % Correct
To Go Ir
100%
He/She goes va
100%
I go/going voy
100%
I went Fui
80%
We are going vamos
80%
You go/going vas
80%
He/She went Fue
60%
We went Fuimos
60%
You went Fuiste
60%
No matching quizzes found
Score Distribution
Percent of People with Each Score
Percentile by Number Answered
Your Score History
You have not taken this quiz